[Event "Wch Seniors 23rd 2013"]
[Site "Opatija"]
[Date "2013.11.12"]
[Round "1.94"]
[White "Falk, Thomas"]
[Black "Wilson, F  Leon"]
[Result "1-0"]
[WhiteElo "2131"]
[BlackElo "1591"]
[PlyCount "65"]
[EventDate "2013.11.12"]

1. Nf3 Nf6 2. c4 c5 3. d4 Nc6 4. d5 Nb8 5. Nc3 d6 6. e4 g6 7. Be2 Bg7 8. O-O
O-O 9. h3 a6 10. Bf4 Nbd7 11. Re1 Nh5 12. Bh2 Qb6 13. Qd2 Nhf6 14. Bf1 Ne8 15.
Rac1 e6 16. e5 Kh8 17. exd6 Nxd6 18. Na4 Qd8 19. Bxd6 Re8 20. dxe6 Rxe6 21.
Rxe6 fxe6 22. Bxc5 Qc7 23. Be3 Nf6 24. Rd1 Bd7 25. Nc5 Rd8 26. Nxe6 Ne4 27.
Nxc7 Nxd2 28. Rxd2 Bf6 29. Nd5 Bg7 30. Nb6 Bxb2 31. Nxd7 Bc3 32. Bd4+ Bxd4 33.
Rxd4 1-0

[Event "Wch Seniors 23rd 2013"]
[Site "Opatija"]
[Date "2013.11.12"]
[Round "1.95"]
[White "Thonig, Manfred"]
[Black "Petzold, Hans"]
[Result "0-1"]
[WhiteElo "1553"]
[BlackElo "2130"]
[PlyCount "112"]
[EventDate "2013.11.12"]

1. f4 d6 2. Nf3 Nc6 3. e3 e5 4. Bb5 Bd7 5. d3 Qe7 6. Nc3 Nf6 7. Bd2 exf4 8. e4
O-O-O 9. Qe2 h6 10. Bxf4 g5 11. Be3 Kb8 12. O-O-O Bg7 13. Bxc6 Bxc6 14. Nd4 Bd7
15. Nf5 Bxf5 16. exf5 Rhe8 17. Rhe1 Qd7 18. g4 d5 19. d4 Ne4 20. Rd3 Nxc3 21.
Rxc3 Re4 22. Rd3 Rde8 23. c3 Bf8 24. Qd1 Bd6 25. h3 Bf4 26. Kd2 Qd6 27. Qf3 Qa6
28. a3 Qb5 29. b4 Qc4 30. Qd1 Qa2+ 31. Qc2 Qxc2+ 32. Kxc2 Rxe3 33. Rexe3 Rxe3
34. Rxe3 Bxe3 35. Kd3 Bf4 36. a4 Bd6 37. b5 c5 38. c4 dxc4+ 39. Kxc4 b6 40.
dxc5 Bxc5 41. Kd5 Kc7 42. Ke5 Be7 43. Kd5 Bf6 44. Kc4 Kd6 45. Kb4 Kd5 46. a5
Be7+ 47. Ka4 Ke4 48. axb6 axb6 49. Kb3 Kd4 50. Kb2 Kc4 51. Kb1 Kxb5 52. Ka2 Kc4
53. Kb1 b5 54. Kc2 b4 55. Kc1 Kc3 56. Kb1 Kb3 0-1

[Event "Wch Seniors 23rd 2013"]
[Site "Opatija"]
[Date "2013.11.13"]
[Round "2.1"]
[White "Vaisser, Anatoly"]
[Black "Schmidt, Gerhard"]
[Result "1-0"]
[WhiteElo "2523"]
[BlackElo "2237"]
[PlyCount "113"]
[EventDate "2013.11.12"]

1. d4 d5 2. c4 e6 3. Nc3 Nf6 4. cxd5 exd5 5. Bg5 Be7 6. e3 c6 7. Bd3 Nbd7 8. h3
Ne4 9. Bf4 f5 10. Qc2 O-O 11. O-O-O Qa5 12. f3 Nxc3 13. bxc3 Nb6 14. Ne2 Bd7
15. g4 c5 16. Kd2 Rac8 17. Bxf5 Rxf5 18. gxf5 Ba4 19. Qb1 cxd4 20. Nxd4 Qxc3+
21. Ke2 Bxd1+ 22. Rxd1 Bf6 23. Qb3 Qa5 24. Nb5 h6 25. Bc7 Qa6 26. Bxb6 Qxb6 27.
Rxd5 Kh7 28. Rd2 Qc5 29. Nd6 Rd8 30. Nxb7 Rxd2+ 31. Kxd2 Qxf5 32. Qd3 Qxd3+ 33.
Kxd3 Kg6 34. Ke2 Be7 35. Na5 Kg5 36. Kf2 Bc5 37. Nc4 Kf5 38. Kg3 g6 39. e4+ Kf6
40. f4 Bd4 41. Kf3 Bc5 42. e5+ Ke6 43. Ke4 Bb4 44. Ne3 Ba5 45. Ng4 h5 46. Nh2
Be1 47. Nf3 Bf2 48. a4 Bg3 49. Nd4+ Kd7 50. e6+ Ke7 51. Ke5 Bh2 52. Nc6+ Ke8
53. Kf6 Bxf4 54. Kxg6 h4 55. Nxa7 Ke7 56. Kf5 Bd2 57. Nc6+ 1-0

[Event "Wch Seniors 23rd 2013"]
[Site "Opatija"]
[Date "2013.11.13"]
[Round "2.2"]
[White "Giesen, Dieter"]
[Black "Hulak, Krunoslav"]
[Result "1/2-1/2"]
[WhiteElo "2235"]
[BlackElo "2473"]
[PlyCount "119"]
[EventDate "2013.11.12"]

1. e4 c5 2. c3 d5 3. exd5 Qxd5 4. d4 Nf6 5. Nf3 e6 6. Be2 Be7 7. O-O O-O 8. c4
Qd8 9. dxc5 Bxc5 10. Nc3 Nc6 11. Bg5 h6 12. Bh4 g5 13. Bg3 Nh5 14. Qxd8 Rxd8
15. Rfd1 Nxg3 16. hxg3 Bd7 17. Ne4 Be7 18. a3 Be8 19. Rxd8 Rxd8 20. Rd1 Rxd1+
21. Bxd1 f5 22. Nc3 g4 23. Ne1 Ne5 24. Be2 Bg5 25. f4 gxf3 26. gxf3 Bc1 27. Nd1
Ba4 28. f4 Bxd1 29. Bxd1 Nxc4 30. Bb3 b5 31. a4 a6 32. axb5 axb5 33. Nd3 Be3+
34. Kg2 Bd4 35. Ba2 Kf7 36. b3 Nd2 37. b4 Ke7 38. Kh3 Nc4 39. Kh4 Nd6 40. Bb3
Ne4 41. Bd1 Nf6 42. Be2 Kd6 43. Ne5 Bxe5 44. fxe5+ Kxe5 45. Bxb5 Nd5 46. Kh5
Nxb4 47. Kxh6 Nd5 48. Kg5 Nf6 49. Bc4 Ne4+ 50. Kh4 Kf6 51. Kh3 e5 52. Kg2 Ng5
53. Ba6 e4 54. Kf2 Ke5 55. Bc8 Nf7 56. Ke3 Nd6 57. Ba6 Kd5 58. Bf1 Nc4+ 59.
Bxc4+ Kxc4 60. g4 1/2-1/2

[Event "Wch Seniors 23rd 2013"]
[Site "Opatija"]
[Date "2013.11.13"]
[Round "2.3"]
[White "Vasiukov, Evgeni"]
[Black "Moen, Ole Christian"]
[Result "1-0"]
[WhiteElo "2457"]
[BlackElo "2232"]
[PlyCount "63"]
[EventDate "2013.11.12"]

1. Nf3 Nf6 2. b3 g6 3. Bb2 Bg7 4. g3 O-O 5. Bg2 c5 6. O-O Nc6 7. c4 d5 8. cxd5
Nxd5 9. Bxg7 Kxg7 10. d4 cxd4 11. Nxd4 e5 12. Nxc6 bxc6 13. Qc2 Be6 14. Nc3 Rc8
15. Rfd1 Qe7 16. Na4 f6 17. Qc5 Kf7 18. Qa5 Qc7 19. Qxc7+ Rxc7 20. Rd2 Nb6 21.
Nc5 Bd5 22. e4 Be6 23. Rc1 Bc8 24. f4 Ke7 25. Kf2 Nd7 26. Nd3 Rd8 27. Ke3 Ba6
28. Nb4 Bb7 29. Nd5+ cxd5 30. Rxc7 d4+ 31. Kf2 Rb8 32. Bh3 1-0

[Event "Wch Seniors 23rd 2013"]
[Site "Opatija"]
[Date "2013.11.13"]
[Round "2.4"]
[White "Postler, Reinhard"]
[Black "Kupreichik, Viktor D"]
[Result "0-1"]
[WhiteElo "2232"]
[BlackElo "2454"]
[PlyCount "60"]
[EventDate "2013.11.12"]

1. e4 c5 2. Nf3 d6 3. d4 cxd4 4. Nxd4 Nf6 5. Nc3 Bd7 6. Bg5 e6 7. Qd2 a6 8.
O-O-O Be7 9. f3 b5 10. h4 b4 11. Nce2 a5 12. Kb1 Na6 13. g4 h6 14. Be3 e5 15.
Nf5 Bxf5 16. gxf5 Nc7 17. Ng3 d5 18. exd5 Qxd5 19. Qe2 Qb7 20. Bg2 Ncd5 21. f4
exf4 22. Bd4 Qa6 23. Bxf6 fxg3 24. Rhe1 Qxe2 25. Rxe2 O-O-O 26. Rxd5 Rxd5 27.
Bxd5 Bxf6 28. c4 bxc3 29. bxc3 Bxh4 30. Re4 Bf6 0-1

[Event "Wch Seniors 23rd 2013"]
[Site "Opatija"]
[Date "2013.11.13"]
[Round "2.5"]
[White "Balashov, Yuri S"]
[Black "Hammar, Bengt"]
[Result "1/2-1/2"]
[WhiteElo "2440"]
[BlackElo "2231"]
[PlyCount "98"]
[EventDate "2013.11.12"]

1. Nf3 Nf6 2. d4 g6 3. Bg5 Bg7 4. Nbd2 d5 5. e3 c5 6. c3 Nbd7 7. Bd3 O-O 8. O-O
b6 9. b4 Bb7 10. bxc5 bxc5 11. Rb1 Bc6 12. Bb5 Bxb5 13. Rxb5 a6 14. Rb7 Rb8 15.
Qb3 Rxb7 16. Qxb7 Qc8 17. Rb1 cxd4 18. cxd4 e6 19. Bxf6 Bxf6 20. Ne1 Rd8 21.
Qxc8 Rxc8 22. Rb7 Nb8 23. Nb3 e5 24. dxe5 Bxe5 25. g3 Nc6 26. Nf3 Bd6 27. Rb6
Bf8 28. Rxa6 Nb4 29. Ra7 Rc2 30. Ne5 Rxa2 31. Rb7 Rb2 32. Nd4 Nd3 33. Rxb2 Nxb2
34. Nd7 Nc4 35. Nf6+ Kg7 36. Nxd5 Bc5 37. Kf1 Ne5 38. Ke2 h5 39. h3 Bd6 40. f4
Nd7 41. e4 Bc5 42. Nb3 Ba7 43. e5 Nc5 44. Nd2 Ne6 45. Ne4 Nd4+ 46. Kd3 Ne6 47.
Kc4 Bg1 48. Ndc3 h4 49. Ne2 Bh2 1/2-1/2

[Event "Wch Seniors 23rd 2013"]
[Site "Opatija"]
[Date "2013.11.13"]
[Round "2.6"]
[White "Yakimenko, Alexander A"]
[Black "Rogulj, Branko"]
[Result "0-1"]
[WhiteElo "2212"]
[BlackElo "2420"]
[PlyCount "64"]
[EventDate "2013.11.12"]

1. d4 Nf6 2. c4 g6 3. Nc3 d5 4. Nf3 Bg7 5. Qb3 dxc4 6. Qxc4 O-O 7. Bf4 c6 8. e3
Be6 9. Qa4 b5 10. Qc2 Qa5 11. Be2 Bf5 12. Bd3 b4 13. Ne2 Bxd3 14. Qxd3 c5 15.
O-O Nbd7 16. a3 Rfc8 17. Rfc1 Nd5 18. Be5 Nxe5 19. dxe5 e6 20. h4 bxa3 21. bxa3
Nb6 22. h5 c4 23. Qe4 c3 24. hxg6 hxg6 25. Qf4 Nd7 26. Ng5 Nxe5 27. Qh4 Nd7 28.
Nd4 Nf8 29. Qf4 Rc7 30. Ne4 e5 31. Nb3 Qd5 32. Nxc3 Rxc3 0-1

[Event "Wch Seniors 23rd 2013"]
[Site "Opatija"]
[Date "2013.11.13"]
[Round "2.8"]
[White "Nukin, Tolegen"]
[Black "Suba, Mihai"]
[Result "0-1"]
[WhiteElo "2208"]
[BlackElo "2413"]
[PlyCount "70"]
[EventDate "2013.11.12"]

1. Nf3 c5 2. c4 Nf6 3. g3 b6 4. Bg2 Bb7 5. O-O e6 6. Nc3 d6 7. d4 cxd4 8. Qxd4
a6 9. b3 Nbd7 10. Bb2 Be7 11. Rfd1 O-O 12. e4 Rc8 13. Rac1 Qc7 14. h3 Qb8 15.
Kh2 Rfe8 16. Ne1 Bf8 17. Nc2 Nc5 18. Re1 Ba8 19. Re2 Red8 20. Ba1 h5 21. Kh1 b5
22. cxb5 axb5 23. b4 Ncd7 24. Na3 h4 25. Rd1 hxg3 26. fxg3 Bc6 27. Nc2 Ne5 28.
Ne3 Nh5 29. Kh2 g6 30. Rb1 Bg7 31. Qd1 d5 32. exd5 Nxg3 33. Rd2 Nf5 34. Nf1
Nf3+ 35. Kh1 Qh2+ 0-1

[Event "Wch Seniors 23rd 2013"]
[Site "Opatija"]
[Date "2013.11.13"]
[Round "2.10"]
[White "Schouten, Nico"]
[Black "Kristiansen, Jens"]
[Result "1/2-1/2"]
[WhiteElo "2201"]
[BlackElo "2407"]
[PlyCount "58"]
[EventDate "2013.11.12"]

1. d4 f5 2. c4 Nf6 3. Nc3 e6 4. Bg5 Be7 5. e3 O-O 6. Nf3 d6 7. Be2 Nbd7 8. Qc2
c6 9. O-O Nh5 10. Bxe7 Qxe7 11. b4 e5 12. c5 e4 13. cxd6 Qxd6 14. Qb3+ Kh8 15.
Ng5 Qg6 16. Ne6 Rg8 17. Bxh5 Qxh5 18. b5 Nb6 19. bxc6 bxc6 20. Nc5 Qg6 21. Ne2
Nd5 22. Rac1 Qd6 23. Rc4 Rb8 24. Qa3 Rf8 25. Ra4 a6 26. Nb3 Qf6 27. Nc5 Qd6 28.
Nb3 Qf6 29. Nc5 Qd6 1/2-1/2

[Event "Wch Seniors 23rd 2013"]
[Site "Opatija"]
[Date "2013.11.13"]
[Round "2.11"]
[White "Malmdin, Nils-Ake"]
[Black "Mochalov, Evgeny V"]
[Result "0-1"]
[WhiteElo "2191"]
[BlackElo "2404"]
[PlyCount "60"]
[EventDate "2013.11.12"]

1. e4 c5 2. f4 Nf6 3. Nc3 d5 4. e5 d4 5. exf6 dxc3 6. fxg7 cxd2+ 7. Qxd2 Qxd2+
8. Bxd2 Bxg7 9. O-O-O Nc6 10. Bb5 Bd7 11. Be3 a6 12. Bc4 Na5 13. Bxf7+ Kxf7 14.
Rxd7 Nc4 15. Bxc5 Bxb2+ 16. Kb1 Rhc8 17. Bd4 Ke6 18. Rxe7+ Kxe7 19. Bxb2 Nxb2
20. Kxb2 Rc4 21. Ne2 Rd8 22. g3 Rd6 23. c3 Rd2+ 24. Kb3 b5 25. Nd4 Rd3 26. Ne2
Re3 27. Nc1 Rexc3+ 28. Kb2 Rc2+ 29. Kb1 Rg2 30. f5 Kf6 0-1

[Event "Wch Seniors 23rd 2013"]
[Site "Opatija"]
[Date "2013.11.13"]
[Round "2.12"]
[White "Chernikov, Oleg L"]
[Black "Beltz, Robert"]
[Result "1-0"]
[WhiteElo "2400"]
[BlackElo "2208"]
[PlyCount "75"]
[EventDate "2013.11.12"]

1. d4 Nf6 2. c4 g6 3. Nc3 d5 4. Nf3 Bg7 5. Bg5 Ne4 6. cxd5 Nxg5 7. Nxg5 e6 8.
Nf3 exd5 9. e3 c6 10. b4 O-O 11. Be2 Qd6 12. Qb3 a5 13. b5 Be6 14. O-O Nd7 15.
Na4 Qb4 16. Rab1 Rfc8 17. Ng5 Bf5 18. Rbc1 Bf8 19. g4 Qe7 20. Nh3 Qh4 21. gxf5
Qxh3 22. e4 Qxb3 23. axb3 dxe4 24. f3 Bh6 25. Rcd1 Re8 26. fxe4 Rxe4 27. Bf3
Rxd4 28. Rxd4 Be3+ 29. Kg2 Bxd4 30. bxc6 Ne5 31. cxb7 Rb8 32. Rc1 Kg7 33. Rc8
Ba7 34. Nc5 Nxf3 35. Kxf3 gxf5 36. h3 Kg6 37. Rxb8 Bxb8 38. Nd7 1-0

[Event "Wch Seniors 23rd 2013"]
[Site "Opatija"]
[Date "2013.11.13"]
[Round "2.14"]
[White "Herzog, Adolf"]
[Black "Furman, Boris"]
[Result "1/2-1/2"]
[WhiteElo "2379"]
[BlackElo "2194"]
[PlyCount "106"]
[EventDate "2013.11.12"]

1. d4 Nf6 2. Nf3 d5 3. Bf4 c5 4. c3 Nc6 5. e3 e6 6. Nbd2 Bd6 7. Bg3 O-O 8. Bd3
b6 9. Ne5 Bb7 10. f4 Ne7 11. Bh4 Ne4 12. Nxe4 dxe4 13. Bc4 Qc7 14. Bxe7 Qxe7
15. O-O Rad8 16. a4 f6 17. Ng4 f5 18. Ne5 Bxe5 19. fxe5 cxd4 20. cxd4 Bd5 21.
Qb3 g5 22. Bxd5 exd5 23. g3 Qe6 24. Rf2 Rc8 25. Raf1 Rc4 26. Qd1 Rcc8 27. Kh1
Kg7 28. Qh5 h6 29. g4 f4 30. exf4 Rxf4 31. Rxf4 gxf4 32. Rxf4 Rf8 33. Rxf8 Kxf8
34. Kg2 Qc6 35. Qf5+ Ke7 36. Kg3 Qc1 37. Qf6+ Ke8 38. Qe6+ Kf8 39. Qf5+ Ke8 40.
Qf4 Qg1+ 41. Kh3 Qxd4 42. e6 Kd8 43. Qf8+ Kc7 44. Qf7+ Kc8 45. Qg8+ Kc7 46.
Qh7+ Kc8 47. Qxh6 Qc5 48. Qh8+ Kc7 49. Qg7+ Kd6 50. Qd7+ Ke5 51. e7 Qe3+ 52.
Kh4 Qh6+ 53. Kg3 Qe3+ 1/2-1/2

[Event "Wch Seniors 23rd 2013"]
[Site "Opatija"]
[Date "2013.11.13"]
[Round "2.15"]
[White "Gundersen, Helge"]
[Black "Mishuchkov, Nikolai M"]
[Result "1/2-1/2"]
[WhiteElo "2183"]
[BlackElo "2367"]
[PlyCount "146"]
[EventDate "2013.11.12"]

1. b3 d5 2. Bb2 Nf6 3. e3 g6 4. Nf3 Bg7 5. Be2 O-O 6. O-O c6 7. d3 Bg4 8. Nbd2
Re8 9. Ne5 Bxe2 10. Qxe2 Nfd7 11. f4 e6 12. Ndf3 f6 13. Nxd7 Nxd7 14. Qf2 Qe7
15. a4 f5 16. Bxg7 Qxg7 17. d4 c5 18. c4 Rac8 19. Rac1 Qe7 20. Qd2 Nf6 21. Ne5
Ne4 22. Qb2 cxd4 23. exd4 dxc4 24. bxc4 Red8 25. g3 Rc7 26. Rfd1 g5 27. fxg5
Qxg5 28. Re1 Qd2 29. Qxd2 Nxd2 30. d5 exd5 31. cxd5 Re7 32. Kg2 Rxd5 33. Nf3
Rxe1 34. Nxe1 Re5 35. Kh3 Kf7 36. Nd3 Re7 37. Nf4 Ne4 38. Rc8 Rd7 39. a5 Kf6
40. Re8 Kf7 41. Rh8 Nf6 42. Kh4 Rd2 43. h3 Rd7 44. Kg5 Rc7 45. Rb8 a6 46. Rh8
Rc3 47. Kh4 Rc5 48. Rb8 Rb5 49. Kg5 Nd7 50. Rd8 Ke7 51. Rg8 Kf7 52. Rc8 Ke7 53.
Rg8 Kf7 54. Rc8 Rc5 55. Rd8 Nf6 56. Rf8+ Kxf8 57. Ne6+ Ke7 58. Nxc5 Ne8 59.
Nxb7 Nc7 60. Kxf5 Kd7 61. Nc5+ Kc6 62. Nxa6 Nxa6 63. Kg5 Nc5 64. g4 Ne4+ 65.
Kh5 Kb5 66. g5 Kxa5 67. Kh6 Kb6 68. h4 Kc6 69. Kxh7 Kd6 70. g6 Ke6 71. g7 Kf5
72. Kh6 Nf6 73. h5 Ng8+ 1/2-1/2

[Event "Wch Seniors 23rd 2013"]
[Site "Opatija"]
[Date "2013.11.13"]
[Round "2.16"]
[White "Shvedchikov, Anatoli I"]
[Black "Vogel, Jaap"]
[Result "1/2-1/2"]
[WhiteElo "2363"]
[BlackElo "2191"]
[PlyCount "32"]
[EventDate "2013.11.12"]

1. c4 e6 2. g3 Nf6 3. Bg2 d5 4. Nf3 Be7 5. O-O O-O 6. d4 c6 7. Nc3 Nbd7 8. b3
b6 9. Bb2 Bb7 10. Rc1 Rc8 11. Rc2 Ba6 12. Nd2 b5 13. cxb5 cxb5 14. a3 b4 15.
axb4 Bxb4 16. Bf3 Qb6 1/2-1/2

[Event "Wch Seniors 23rd 2013"]
[Site "Opatija"]
[Date "2013.11.13"]
[Round "2.17"]
[White "Berkovich, Mark A"]
[Black "Agzamov, Valery"]
[Result "1/2-1/2"]
[WhiteElo "2357"]
[BlackElo "2183"]
[PlyCount "151"]
[EventDate "2013.11.12"]

1. c4 g6 2. e4 Bg7 3. d4 d6 4. Nc3 Nf6 5. f4 c5 6. d5 O-O 7. Nf3 e6 8. dxe6
Bxe6 9. Bd3 Bg4 10. O-O Nc6 11. h3 Bxf3 12. Qxf3 Ne8 13. Be3 Nc7 14. f5 Qh4 15.
Rad1 Bd4 16. Bxd4 Nxd4 17. Qf2 Qxf2+ 18. Rxf2 f6 19. Ne2 Nc6 20. Nf4 g5 21. Nh5
Kf7 22. Rfd2 Na6 23. Bc2 Nd4 24. Ng3 Nb4 25. Bb3 Nbc6 26. Ba4 Ne5 27. Ne2 Nxe2+
28. Rxe2 Ke7 29. Rc1 a6 30. a3 Rfb8 31. Rd2 Ra7 32. Bb3 Nc6 33. Bd1 Nd4 34. Kf2
h5 35. b4 h4 36. Rb2 b6 37. Be2 Kd7 38. Rcb1 Kc7 39. Ke3 Rab7 40. Bf3 Re8 41.
Kd3 Nc6 42. Kc3 Ne5 43. Rd2 Rd8 44. Rbd1 Rbb8 45. Be2 Nc6 46. Rb1 Nd4 47. Bf3
Re8 48. Rdb2 Nc6 49. Rd2 Red8 50. Rbd1 Nd4 51. Rb1 Re8 52. Kd3 Nc6 53. Kc3 Red8
54. Rbd1 cxb4+ 55. axb4 a5 56. bxa5 bxa5 57. Rd5 Rb6 58. c5 dxc5 59. Rxc5 Rxd1
60. Bxd1 Rb1 61. Bc2 Rg1 62. e5 fxe5 63. Kc4 Kb6 64. Rb5+ Ka6 65. Rc5 Kb6 66.
Rb5+ Ka6 67. Bd3 e4 68. Rc5 exd3 69. Rxc6+ Kb7 70. Rd6 Rxg2 71. Rxd3 Rf2 72.
Rd5 Kc6 73. Rxa5 Rf4+ 74. Kd3 Rf3+ 75. Ke4 Rxh3 76. f6 1/2-1/2

[Event "Wch Seniors 23rd 2013"]
[Site "Opatija"]
[Date "2013.11.13"]
[Round "2.18"]
[White "Kostanjsek, Zorko"]
[Black "Barle, Janez"]
[Result "1-0"]
[WhiteElo "2177"]
[BlackElo "2356"]
[PlyCount "83"]
[EventDate "2013.11.12"]

1. e4 c5 2. c3 d5 3. d3 Nc6 4. Be2 Nf6 5. Nd2 g6 6. Ngf3 Bg7 7. O-O O-O 8. Re1
e5 9. Bf1 Re8 10. a3 a5 11. a4 h6 12. exd5 Nxd5 13. Nc4 f5 14. Qc2 g5 15. g3 g4
16. Nfd2 Be6 17. Bg2 Rb8 18. f3 h5 19. Qd1 Qd7 20. fxg4 hxg4 21. h3 gxh3 22.
Bxh3 f4 23. Bg2 Bh3 24. Ne4 Bxg2 25. Kxg2 fxg3 26. Rh1 Rf8 27. Qh5 Nf6 28.
Nxf6+ Rxf6 29. Qh7+ Kf8 30. Be3 Qd5+ 31. Qe4 Rd8 32. Bg5 Qxd3 33. Qxd3 Rxd3 34.
Bxf6 Bxf6 35. Raf1 Kg7 36. Rh3 Bg5 37. Rxg3 Rxg3+ 38. Kxg3 Bf4+ 39. Kf3 Kf6 40.
Ke4 Ke6 41. Rd1 Ke7 42. Rd5 1-0

[Event "Wch Seniors 23rd 2013"]
[Site "Opatija"]
[Date "2013.11.13"]
[Round "2.19"]
[White "Norman, Kenneth I"]
[Black "Van Riemsdijk, Herman C"]
[Result "0-1"]
[WhiteElo "2173"]
[BlackElo "2347"]
[PlyCount "71"]
[EventDate "2013.11.12"]

1. Nf3 d5 2. d4 Nc6 3. Bf4 Bg4 4. e3 e6 5. c4 Bd6 6. cxd5 exd5 7. Bxd6 Qxd6 8.
Nc3 Nf6 9. Be2 O-O 10. O-O Rfe8 11. Rc1 a6 12. a3 Ne7 13. b4 c6 14. Ne5 Bxe2
15. Qxe2 Nd7 16. Nd3 a5 17. Nc5 b5 18. Nb7 Qf6 19. Nxa5 Nb6 20. Qc2 Nc4 21.
Nxc4 dxc4 22. a4 Nd5 23. axb5 Nxc3 24. Qxc3 cxb5 25. Ra1 Qc6 26. Rxa8 Rxa8 27.
f3 f5 28. Ra1 Rxa1+ 29. Qxa1 c3 30. Qa2+ Qc4 31. Qa8+ Kf7 32. Qb7+ Kf6 33. d5
c2 34. Qb6+ Kg5 35. Qd8+ Kh5 36. Qe8+ 0-1

[Event "Wch Seniors 23rd 2013"]
[Site "Opatija"]
[Date "2013.11.13"]
[Round "2.21"]
[White "Hohler, Peter"]
[Black "Sloth, Jorn"]
[Result "1/2-1/2"]
[WhiteElo "2171"]
[BlackElo "2338"]
[PlyCount "84"]
[EventDate "2013.11.12"]

1. d4 e6 2. c4 Bb4+ 3. Bd2 Qe7 4. g3 Nc6 5. Nf3 Nf6 6. Bg2 Bxd2+ 7. Nbxd2 O-O
8. O-O d6 9. e4 e5 10. d5 Nb8 11. Ne1 a5 12. Nd3 Na6 13. Nb1 c6 14. Nc3 Bd7 15.
Qd2 cxd5 16. Nxd5 Nxd5 17. cxd5 Bb5 18. Rfc1 Qd7 19. f3 Bxd3 20. Qxd3 Nc5 21.
Qe2 b5 22. Rab1 b4 23. h4 Rfb8 24. Kh2 Ra7 25. Bh3 Qa4 26. Ra1 Qe8 27. Qd2 Rc7
28. Qe2 Qb5 29. Qxb5 Rxb5 30. Bf1 Rb8 31. Kg1 Kf8 32. Bh3 Ke7 33. Kf1 Rbb7 34.
Ke2 Na4 35. b3 Rxc1 36. Rxc1 Nc3+ 37. Kd2 a4 38. bxa4 Nxa4 39. Bf1 Nc5 40. Bc4
Kd8 41. Rb1 Kc7 42. Ke3 Rb8 1/2-1/2

[Event "Wch Seniors 23rd 2013"]
[Site "Opatija"]
[Date "2013.11.13"]
[Round "2.22"]
[White "Chernov, Evgen"]
[Black "Titz, Heimo"]
[Result "1-0"]
[WhiteElo "2325"]
[BlackElo "2174"]
[PlyCount "77"]
[EventDate "2013.11.12"]

1. d4 Nf6 2. c4 e6 3. g3 Bb4+ 4. Bd2 Qe7 5. Bg2 O-O 6. Nc3 Nc6 7. a3 Bxc3 8.
Bxc3 d6 9. b4 e5 10. d5 Nb8 11. e4 Nbd7 12. Ne2 a5 13. O-O Re8 14. Bb2 axb4 15.
axb4 Rxa1 16. Bxa1 Nb6 17. Qd3 Bd7 18. f4 exf4 19. Qd4 Bc8 20. gxf4 Nbd7 21.
Ng3 Qf8 22. Nf5 g6 23. Ne3 Qg7 24. c5 Nh5 25. Qxg7+ Nxg7 26. cxd6 cxd6 27. Nc4
Rd8 28. Nxd6 Ne8 29. Nc4 b5 30. Na5 Nd6 31. Rc1 Nb6 32. Bf6 Re8 33. Rc6 Ndc4
34. Bd4 Nxa5 35. bxa5 Nc4 36. a6 Na5 37. Rb6 Nc4 38. Rb8 Nd6 39. a7 1-0

[Event "Wch Seniors 23rd 2013"]
[Site "Opatija"]
[Date "2013.11.13"]
[Round "2.23"]
[White "Archangelsky, Mikhail"]
[Black "Wahlbom, Magnus"]
[Result "1/2-1/2"]
[WhiteElo "2162"]
[BlackElo "2304"]
[PlyCount "64"]
[EventDate "2013.11.12"]

1. d4 Nf6 2. Nf3 e6 3. e3 b6 4. Bd3 Bb7 5. O-O Be7 6. Nbd2 d5 7. Ne5 O-O 8. f4
Ne4 9. Nxe4 dxe4 10. Bc4 Nd7 11. Bd2 c5 12. Bc3 Nxe5 13. dxe5 g6 14. Qg4 Qc8
15. h4 Ba6 16. Bxa6 Qxa6 17. h5 Qc4 18. Rad1 Rad8 19. hxg6 hxg6 20. a3 Rxd1 21.
Rxd1 Rd8 22. Rxd8+ Bxd8 23. Qd1 Bh4 24. Qg4 Be7 25. Kf2 Qd5 26. Qe2 Kf8 27. Qd2
Ke8 28. Qxd5 exd5 29. g4 Kd7 30. f5 gxf5 31. gxf5 Bg5 32. Ke2 Bh6 1/2-1/2

[Event "Wch Seniors 23rd 2013"]
[Site "Opatija"]
[Date "2013.11.13"]
[Round "2.24"]
[White "Shevelev, Arkady"]
[Black "Serra Olives, Tomas"]
[Result "1/2-1/2"]
[WhiteElo "2302"]
[BlackElo "2169"]
[PlyCount "69"]
[EventDate "2013.11.12"]

1. e4 e5 2. Nf3 Nc6 3. Nc3 Nf6 4. d4 exd4 5. Nxd4 Bb4 6. Nxc6 bxc6 7. Bd3 d5 8.
exd5 cxd5 9. O-O O-O 10. Bg5 c6 11. Qf3 Bd6 12. h3 Be6 13. Ne2 Rb8 14. b3 h6
15. Bf4 c5 16. c3 Re8 17. Rad1 Bxf4 18. Nxf4 Qa5 19. Rfe1 Bd7 20. Rxe8+ Rxe8
21. Nxd5 Nxd5 22. Qxd5 Be6 23. Qc6 Rc8 24. Qa6 Qxc3 25. Bb1 g6 26. Bxg6 Kg7 27.
Be4 Qe5 28. Bb1 c4 29. bxc4 Qe2 30. Qd6 Rxc4 31. Qd3 Qxd3 32. Bxd3 Rd4 33. Kf1
Bxa2 34. Ke2 Ra4 35. Ra1 1/2-1/2

[Event "Wch Seniors 23rd 2013"]
[Site "Opatija"]
[Date "2013.11.13"]
[Round "2.25"]
[White "Balmazi, Leon"]
[Black "Herbrechtsmeier, Christof"]
[Result "1-0"]
[WhiteElo "2159"]
[BlackElo "2302"]
[PlyCount "109"]
[EventDate "2013.11.12"]

1. d4 g6 2. Nf3 Bg7 3. e4 d5 4. exd5 Qxd5 5. Be2 Nf6 6. O-O O-O 7. c4 Qd8 8.
Nc3 Nbd7 9. d5 c6 10. dxc6 bxc6 11. Nd4 Qc7 12. Be3 Rb8 13. Qa4 Bb7 14. Nb3 a6
15. Qa5 Qxa5 16. Nxa5 Ba8 17. Nb3 c5 18. Rfd1 Rfc8 19. Rd2 e5 20. Rad1 Rc7 21.
Rd6 Bb7 22. Na5 Bf8 23. R6d2 Be7 24. g4 Nf8 25. Nd5 Bxd5 26. cxd5 Bd6 27. g5
Ne8 28. Nc6 Ra8 29. Rc2 Nd7 30. Bg4 f5 31. gxf6 Nexf6 32. Be6+ Kg7 33. Rd3 h5
34. h3 Re8 35. Ra3 Nf8 36. Rxa6 Nxe6 37. dxe6 Nd5 38. Bxc5 Bxc5 39. Rxc5 Nb4
40. Rb6 Nd3 41. Rd5 Rxe6 42. Rxd3 Rexc6 43. Rxc6 Rxc6 44. b4 Rc2 45. a4 Ra2 46.
a5 h4 47. Rd6 Ra4 48. Rb6 e4 49. a6 Ra1+ 50. Kg2 Ra2 51. Kf1 Ra1+ 52. Ke2 Ra2+
53. Ke3 Ra3+ 54. Kxe4 Rxh3 55. Rb5 1-0

[Event "Wch Seniors 23rd 2013"]
[Site "Opatija"]
[Date "2013.11.13"]
[Round "2.26"]
[White "Vikulov, Alexander"]
[Black "Mclaren, Brian"]
[Result "0-1"]
[WhiteElo "2290"]
[BlackElo "2158"]
[PlyCount "84"]
[EventDate "2013.11.12"]

1. d4 f5 2. Nc3 Nf6 3. Bg5 c6 4. e3 e6 5. Bd3 Be7 6. Nf3 b6 7. Ne2 Na6 8. a3
O-O 9. c4 Nc7 10. Qc2 Bb7 11. O-O-O d5 12. Nf4 Rc8 13. c5 bxc5 14. dxc5 Ne4 15.
Bxe7 Qxe7 16. b4 Qf6 17. Bxe4 fxe4 18. Nd2 Ba6 19. Qb2 Qxb2+ 20. Kxb2 e5 21.
Nh3 Be2 22. Rde1 Bg4 23. Rhf1 Bxh3 24. gxh3 Ne6 25. f3 exf3 26. Nxf3 e4 27. Ne5
Rf6 28. Rxf6 gxf6 29. Rg1+ Kf8 30. Ng4 Ke7 31. Nh6 Ng5 32. h4 Nf3 33. Rg7+ Ke6
34. Rxa7 d4 35. exd4 e3 36. d5+ Kxd5 37. Re7 Ne5 38. Nf5 e2 39. Ne3+ Ke4 40.
Nc2 Rd8 41. Ne1 Rd1 42. Ng2 Rg1 0-1

[Event "Wch Seniors 23rd 2013"]
[Site "Opatija"]
[Date "2013.11.13"]
[Round "2.28"]
[White "Piasetski, Leon"]
[Black "Jackson, Oliver A"]
[Result "1/2-1/2"]
[WhiteElo "2288"]
[BlackElo "2154"]
[PlyCount "44"]
[EventDate "2013.11.12"]

1. Nf3 d6 2. d4 Bg4 3. e4 Nd7 4. h3 Bh5 5. c4 e5 6. d5 Ngf6 7. Nc3 Be7 8. Bd3
Nc5 9. Bc2 Bg6 10. Qe2 a5 11. g4 O-O 12. h4 h5 13. g5 Ne8 14. Be3 Nd7 15. O-O-O
c6 16. Kb1 a4 17. a3 cxd5 18. cxd5 Nc7 19. Nd2 Qb8 20. Nb5 Rc8 21. Rc1 Nxb5 22.
Qxb5 Nc5 1/2-1/2

[Event "Wch Seniors 23rd 2013"]
[Site "Opatija"]
[Date "2013.11.13"]
[Round "2.29"]
[White "Thormann, Wolfgang"]
[Black "Altshul, Raffael"]
[Result "1/2-1/2"]
[WhiteElo "2271"]
[BlackElo "2150"]
[PlyCount "32"]
[EventDate "2013.11.12"]

1. Nf3 Nf6 2. d4 e6 3. e3 b6 4. Bd3 c5 5. O-O Be7 6. b3 O-O 7. Bb2 Bb7 8. Nbd2
d6 9. Qe2 Nbd7 10. Ba6 Qc7 11. Bxb7 Qxb7 12. c4 Rfe8 13. h3 a6 14. e4 cxd4 15.
Nxd4 Nc5 16. Rfe1 Bf8 1/2-1/2